Mọi ông bố đều đã từng xếp thứ nhất : Tập truyện cười đặc sắc

Na minha lista:
Detalhes bibliográficos
Autor principal: Nêxin, Azít
Formato: Livro
Idioma:Undetermined
Publicado em: Hà Nội Lao động 2009
Assuntos:
Tags: Adicionar Tag
Sem tags, seja o primeiro a adicionar uma tag!
Thư viện lưu trữ: Trung tâm Học liệu Trường Đại học Cần Thơ
LEADER 00722nam a2200217Ia 4500
001 CTU_147872
008 210402s9999 xx 000 0 und d
020 |c 36000 
082 |a 808.7 
082 |b N338 
100 |a Nêxin, Azít 
245 0 |a Mọi ông bố đều đã từng xếp thứ nhất : 
245 0 |b Tập truyện cười đặc sắc 
245 0 |c Azít Nêxin ; Người dịch: Thái Hà ... [ et al. ] 
260 |a Hà Nội 
260 |b Lao động 
260 |c 2009 
650 |a Humorous stories,Truyện hài hước 
650 |x Collection,Bộ sưu tập 
904 |i Qhieu 
980 |a Trung tâm Học liệu Trường Đại học Cần Thơ